| 000 | 00588nam a2200133Ia 4500 | ||
|---|---|---|---|
| 008 | 220615s9999||||xx |||||||||||||| ||und|| | ||
| 100 | _aHarasztosi, Peter||Delanote, Julie||Brutscher, Philipp-Bastian||Coali, Andrea | ||
| 245 | 0 |
_aEIB Working Paper 2020/08 - EIB Group Survey on Investment and Investment Finance _bA technical note on data quality (Volume 2020/8) |
|
| 546 | _aEnglish[eng] | ||
| 650 | _aBusiness & Economics||Finance||General | ||
| 700 | _aEuropean Investment Bank | ||
| 856 | _uhttps://library.oapen.org/bitstream/20.500.12657/43424/1/external_content.pdf | ||
| 942 | _cEB | ||
| 999 |
_c10225 _d10225 |
||